Pays du monde ayant le plus de voyelles dans leur nom - Statistiques

Statistiques générales
  • Ce quiz a été pris 236 fois
  • Le résultat moyen est 25 sur 49
Statistiques - réponses
Nombre Pays % Correct
6 Afrique du Sud
78%
7 Nouvelle-Zélande
78%
5 Australie
77%
14 République démocratique du Congo
74%
7 Royaume-Uni
71%
9 Arabie saoudite
68%
5 Corée du Nord
67%
5 Corée du Sud
67%
14 Papouasie-Nouvelle-Guinée
67%
11 République dominicaine
64%
10 Saint-Vincent-et-les-Grenadines
64%
9 Saint-Christophe-et-Niévès
62%
5 Ouzbékistan
60%
5 Azerbaïdjan
58%
5 Indonésie
58%
8 République tchèque
58%
11 Guinée-Équatoriale
57%
8 Émirats arabes unis
56%
5 Nicaragua
56%
11 République centrafricaine
56%
6 Sainte-Lucie
56%
7 Guinée-Bissau
55%
5 Guatemala
54%
5 Soudan du Sud
54%
5 Paraguay
52%
8 Antigua-et-Barbuda
51%
8 Bosnie-Herzégovine
51%
5 Uruguay
50%
6 Biélorussie
49%
7 Trinité-et-Tobago
49%
6 Mauritanie
48%
5 Venezuela
48%
7 Macédoine du Nord
46%
8 Sao Tomé-et-Principe
46%
5 Micronésie
44%
5 Mozambique
42%
6 Côte d'Ivoire
41%
5 Liechtenstein
41%
5 Dominique
37%
5 Malaisie
37%
5 Roumanie
37%
5 Jamaïque
36%
5 Éthiopie
35%
5 Burkina Faso
34%
5 Équateur
33%
6 Timor-Oriental
32%
5 Lituanie
30%
6 Sierra Leone
30%
5 Slovaquie
26%
Aucun quiz correspondant
Distribution des résultats
% des personnes avec chaque résultat
Percentile par nombre de réponses
Votre historique - résultats
Vous n’avez pas pris ce quiz